| 000 | 02008nam0a2200373 4500 | ||
|---|---|---|---|
| 001 | RU\NLR\BIBL_A\022333787 | ||
| 005 | 20241111113647.0 | ||
| 010 |
_a978-5-0054-2256-9 _9600 |
||
| 021 |
_aRU _bКН-П-24-047670 _9КН-П-24-4742 |
||
| 035 | _a(NLR Aleph) 022333787 | ||
| 090 |
_a13258001 _c13258001 |
||
| 100 | _a20240926d2024 u y0rusy50 ca | ||
| 101 | 0 | _arus | |
| 102 | _aRU | ||
| 105 | _aa j 000zy | ||
| 181 | 0 |
_ai3 _baxxe |
|
| 182 | 0 | _an | |
| 200 | 1 |
_aОсновы слесарного дела _eучебник _eпо прпофессиям "Мастер по ремонту и обслуживанию инженерных систем жилищно-коммунального хозяйства", "Мастер по изготовлению и сборке деталей и узлов оптических и оптико-электронных приборов и систем", "Мастер слесарных работ" _fБ. С. Покровский |
|
| 203 |
_aТекст _bвизуальный _cнепосредственный |
||
| 205 | _a6-е изд., стер. | ||
| 210 |
_aМосква _cАкадемия _d2024 |
||
| 215 |
_a204, [1] с. _cил., цв. ил., табл. _d22 |
||
| 225 | 1 | _aПрофессиональный модуль | |
| 225 | 1 |
_aПрофессиональный модуль _iПрофессиональное образование |
|
| 313 | _aПо пред. изд. | ||
| 320 | _aБиблиогр.: с. 203 (5 назв.) | ||
| 333 | _a12+ | ||
| 606 | 1 |
_aСлесарные работы _jУчебники для среднего профессионального образования _2nlr_sh1 _2nlr_sh2 _3RU\NLR\AUTH\66758825 |
|
| 686 | 1 | _aК671я723-1 | |
| 700 | 1 |
_aПокровский _bБ. С. _cпедагог, технолог _gБорис Семёнович _3RU\NLR\AUTH\7732242 |
|
| 942 | _cBOOK | ||
| 980 | _aNB | ||